000 00547nam a2200217Ia 4500
003 OSt
005 20220928143542.0
006 a|||||r|||| 00| 0
007 ta
008 220927b |||||||| |||| 00| 0 eng d
024 _a22597
037 _cTextual
040 _aSDCL
_cSDCL
_beng
041 _2eng
_aeng
082 _aW691, M1
100 _aFriedman George
_9505773
245 0 _aPolitical philosophy of the Frankfurt school
260 _c1981
942 _hW691, M1
_cTEXL
_2CC
999 _c824590
_d824590